Johnny Depp Movies Quiz Stats

 Plays Quiz Updated Dec 31, 2020

Support Sporcle.
Go Orange.
Score 0/59 Timer 10:00
7 Plays Today
Year Movie % Correct
2003Pirates of the Caribbean: The Curse of the Black Pearl
91.2%
2005Charlie and the Chocolate Factory
83.6%
1990Edward Scissorhands
81.5%
2016Alice Through the Looking Glass
75.2%
2006Pirates of the Caribbean: Dead Man's Chest
74.2%
2007Pirates of the Caribbean: At World's End
71.5%
1999Sleepy Hollow
65.1%
2018Fantastic Beasts: The Crimes of Grindelwald
62%
2007Sweeney Todd: The Demon Barber of Fleet Street
59.7%
2016Fantastic Beasts and Where to Find Them
59.1%
2010Alice in Wonderland
55.5%
2017Pirates of the Caribbean: Dead Men Tell No Tales
54.8%
2012Dark Shadows
53.4%
2015Black Mass
53%
2013The Lone Ranger
52%
1995Dead Man
51.1%
1993What's Eating Gilbert Grape
51%
2004Secret Window
48.7%
2009Public Enemies
47.6%
2000Chocolat
47.3%
2001Blow
45.3%
2005Corpse Bride
45.1%
2004Finding Neverland
44.4%
2014Into the Woods
44%
1984A Nightmare on Elm Street
42.7%
1998Fear and Loathing in Las Vegas
39.3%
1994Ed Wood
36.8%
2015Mortdecai
36.6%
1990Cry-Baby
34.3%
2017Murder on the Orient Express
34.2%
Year Movie % Correct
1993Benny & Joon
33.9%
2001From Hell
33.6%
2014Transcendence
31.1%
1997Donnie Brasco
30.3%
2011Rango
26.9%
2011Pirates of the Caribbean: On Stranger Tides
26.1%
2003Once Upon a Time in Mexico
25.6%
1986Platoon
24.2%
1999The Ninth Gate
23.9%
2010The Tourist
23.1%
2018Sherlock Gnomes
22.3%
2016Yoga Hosers
21.6%
1995Don Juan DeMarco
21.4%
2004The Libertine
21.4%
2014Tusk
21.4%
1999The Astronaut's Wife
19.4%
2018The Professor
18.6%
1995Nick of Time
17.4%
2018City of Lies
16.3%
2019Waiting for the Barbarians
15.9%
2020Minamata
15.6%
2011The Rum Diary
14.2%
1985Private Resort
11.4%
2000The Man Who Cried
11.4%
1993Arizona Dream
11.2%
2000Before Night Falls
11.1%
2009The Imaginarium of Doctor Parnassus
11.1%
1997The Brave
10.8%
2013Lucky Them
10.7%

From the Vault

Departments of Colombia

by jcorney92

Now if only there was a map listing all the places to get a fresh cup of coffee.
Remove Ads.
Support Sporcle.
Get the best of Sporcle when you Go Orange. This ad-free experience offers more features, more stats, and more fun while also helping to support Sporcle. Thank you for becoming a member.

Show Comments

Extras

Top Quizzes Today


Score Distribution

Your Account Isn't Verified!

In order to create a playlist on Sporcle, you need to verify the email address you used during registration. Go to your Sporcle Settings to finish the process.

Report this User

Report this user for behavior that violates our Community Guidelines.

Details: